The economics of organic farming : (Record no. 14774)
[ view plain ]
| 000 -LEADER | |
|---|---|
| fixed length control field | 00451nam a2200169Ia 4500 |
| 020 ## - INTERNATIONAL STANDARD BOOK NUMBER | |
| ISBN | 085198911X |
| 040 ## - CATALOGING SOURCE | |
| Transcribing agency | AUH |
| 082 04 - DEWEY DECIMAL CLASSIFICATION NUMBER | |
| Classification number | 338 CAB 1994 A070 Or. |
| 245 04 - TITLE STATEMENT | |
| Title | The economics of organic farming : |
| Remainder of title | an international perspective / |
| 260 ## - PUBLICATION, DISTRIBUTION, ETC. (IMPRINT) | |
| Place of publication | Oxon : |
| Name of publisher | CAB International, |
| Year of publication | 1994 |
| 300 ## - PHYSICAL DESCRIPTION | |
| Number of Pages | xvi, 468 p. : |
| Other physical details | ill. ; |
| Dimensions | 24 cm |
| 650 #0 - SUBJECT ADDED ENTRY--TOPICAL TERM | |
| Topical Term | Agriculture |
| 650 #0 - SUBJECT ADDED ENTRY--TOPICAL TERM | |
| Topical Term | Farm management |
| 700 1# - ADDED ENTRY--PERSONAL NAME | |
| Personal name | Lampkin, N. H |
| 700 1# - ADDED ENTRY--PERSONAL NAME | |
| Personal name | Padel, S |
| 942 ## - ADDED ENTRY ELEMENTS (KOHA) | |
| Koha item type | សៀវភៅភាសាអង់គ្លេស |
| 952 ## - LOCATION AND ITEM INFORMATION (KOHA) | |
| Withdrawn status [LOCAL, KOHA] | 0 |
| Permanent Location | Date acquired | Koha item type | Lost status | Shelving location | Barcode | Current Location | Full call number |
|---|---|---|---|---|---|---|---|
| Library Block A | 2017-10-25 | សៀវភៅភាសាអង់គ្លេស | A070 | A06780 | Library Block A | 338 CAB 1994 A070 Or. |